ბათუმის შოთა რუსთაველის სახელმწიფო უნივერსიტეტის ბიბლიოთეკა

ჩანაწერი Personal Name

ჩანაწერთა რაოდენობა, რომელიც გამოყენებულია: 1

001 - CONTROL NUMBER

  • control field: 12423

003 - CONTROL NUMBER IDENTIFIER

  • control field: GE_BSU

005 - DATE AND TIME OF LATEST TRANSACTION

  • control field: 20210909170618.0

008 - FIXED-LENGTH DATA ELEMENTS

  • fixed length control field: 210909|| aca||aabn | a|a d

040 ## - CATALOGING SOURCE

  • Original cataloging agency: GE_BSU
  • Transcribing agency: GE_BSU

100 ## - HEADING--PERSONAL NAME

  • Personal name: Свитанько, З.
  • Titles and other words associated with a name: Пер. с англ.

670 ## - SOURCE DATA FOUND

  • Source citation: Work cat.: (GE_BSU)54292: Бардин, Д. Л. 12419, Нефтехимия /